LEADER 01255nam a2200277 u 4500 001 000000015219 003 CaOOAMICUS 005 20070226105844.0 008 940513s1983 fr ab u000 u fre u 035 $a10356569 040 $aBAV$bita 245 03$aLe diocèse de Lyon /$csous la direction de Jacques Gadille ; avec la collaboration de R. Fédou, H. Hours, B. de Vrégille. 260 $aParis :$bBeauchesne,$c1983. 300 $a350 p. :$bant. (c. geogr.), c. geogr. ;$c23 cm 490 1 $aHistoire des diocèses de France ;$v16 610 14$aLione (arcidiocesi)$xStoria.$0(OLS)http://pul/subject/38029 700 1 $aGadille, Jacques.$0(OLS)http://pul/name/14010 700 1 $aVregille, Bernard de,$cS.I.$0(OLS)http://pul/name/10430 700 1 $aHours, Henri.$0(OLS)http://pul/name/14012 700 1 $aFédou, René.$0(OLS)http://pul/name/14011 830 0$aHistoire des diocèses de France ;$v16.$0(OLS)http://pul/title/15502 850 $aPUL 852 $aPUL$W1$xSL Filosofia 1$y2$m126 F 47.16$j21328$nBK-PRI$b $qStampati$B21328$CPULBib$Z2$F21328 $HPUL96659 $81 941 1 $a8 996 $6245$aLe diocèse de Lyon$9(OLS)http://pul/title/21829 996 $6260$aParis :$bBeauchesne$9(OLS)http://pul/publisher/48115 LEADER 01075nam a2200277 u 4500 001 000000058092 003 CaOOAMICUS 005 20070226120644.0 008 010525s1976 it u000 u ita u 035 $a10890386 040 $aPUL(R)$bita 100 1 $aBiasutti, Franco.$0(OLS)http://pul/name/31106 245 10$aProblemi di metodo nella filosofia della religione /$cFranco Biasutti. 260 $aPadova :$bLiviana,$c1976. 300 $a121 p. ;$c23 cm 490 1 $aGuide di cultura contemporanea 500 $aContiene indice. 504 $aBibliografia in nota. 650 4$aTeologia e filosofia.$0(OLS)http://pul/subject/121 830 0$aGuide di cultura contemporanea.$0(OLS)http://pul/title/15666 850 $aPUL 852 $aPUL$W1$xSL Religione 1$y3$m58 B 38$j75921$n $b $qStampati$B75921$CPULBib$Z2$F75921 $H $81 941 1 $a8 961 $aINV: 49435 996 $6245$aProblemi di metodo nella filosofia della religione$9(OLS)http://pul/title/77793 996 $6260$aPadova :$bLiviana$9(OLS)http://pul/publisher/50671